000 00509cam a2200205ua 4500
001 8354
005 20260515114326.0
008 150128n ii |||gr||||Z||||||eng
020 _a9781405131742
040 _cMAIN
041 _aeng
082 _a811
100 _aMacgowan, C.,
_eAuthor.
245 1 _aTwentieth-century American poetry
_cBy Christopher Macgowan
250 _a1st.
260 _aNew Delhi:
_bAtlantic,
_c2004.
300 _axvi,332p.
653 _aAmerican poetry in English
942 _cBK
999 _c7460
_d7460